|
|
|
|
| LEADER |
00993nam a2200241 a 4500 |
| 001 |
4223975 |
| 008 |
120911r20021983enka b 001 0 eng d |
| 010 |
|
|
|a 82014693
|
| 020 |
|
|
|a 0521241677
|
| 020 |
|
|
|a 0521284929 (pbk.)
|
| 040 |
|
|
|a DLC
|c DLC
|d DLC
|d BD-DhAAL.
|
| 082 |
0 |
0 |
|a 422
|2 19
|
| 100 |
1 |
|
|a Bauer, Laurie,
|d 1949-
|
| 245 |
1 |
0 |
|a English word-formation /
|c Laurie Bauer.
|
| 260 |
|
|
|a Cambridge [Cambridgeshire] ;
|a New York :
|b Cambridge University Press,
|c 1983 [Reprinted 2002].
|
| 300 |
|
|
|a xiii, 311 p. :
|b ill. ;
|c 24 cm.
|
| 490 |
1 |
|
|a Cambridge textbooks in linguistics.
|
| 504 |
|
|
|a Includes bibliographical references (p. 297-305) and Index.
|
| 541 |
|
|
|e 00025954
|
| 650 |
|
0 |
|a English language
|x Word formation.
|
| 852 |
4 |
|
|a Ayesha Abed Library
|j General shelf.
|
| 999 |
|
|
|c 12823
|d 12823
|
| 952 |
|
|
|0 0
|1 0
|4 0
|6 422_000000000000000_BAU
|7 0
|9 21099
|a BRACUL
|b BRACUL
|c GEN
|d 2012-09-11
|e Karim International
|g 3770.00
|l 1
|m 2
|o 422 BAU
|p 3010025954
|r 2025-09-17
|s 2025-09-04
|t 1
|w 0000-00-00
|y BK
|x Available
|